Conceptualizing Employer-Based Brand Equity and Employer Brand Pyramid
Zameranie sa na budovanie hodnoty značky podniku odkrývaním predošlého výskumu hodnoty značiek. Na základe Kellerovej značkovej pyramídy pokus o vytvorenie pyramídy s podobnými znakmi. Skúmanie, či kritériá spotrebiteľského hodnotenia značiek môžu byť využité vo vytváraní danej pyramídy.
Salvato in:
| Autore principale: | |
|---|---|
| Altri autori: | |
| Natura: | Capitolo di libro |
| Lingua: | inglese |
| Soggetti: | |
| Tags: |
Nessun Tag, puoi essere il primo ad aggiungerne!!
|
MARC
| LEADER | 00000nla a2200000 4500 | ||
|---|---|---|---|
| 001 | 0242091 | ||
| 005 | 20240416111614.5 | ||
| 041 | 0 | |a eng | |
| 044 | |a PT | ||
| 245 | 1 | 0 | |a Conceptualizing Employer-Based Brand Equity and Employer Brand Pyramid |c Neerja Kashive, Vandana Tandon Khanna |
| 520 | |a Zameranie sa na budovanie hodnoty značky podniku odkrývaním predošlého výskumu hodnoty značiek. Na základe Kellerovej značkovej pyramídy pokus o vytvorenie pyramídy s podobnými znakmi. Skúmanie, či kritériá spotrebiteľského hodnotenia značiek môžu byť využité vo vytváraní danej pyramídy. | ||
| 610 | 2 | 0 | |a značky |
| 610 | 2 | 0 | |a značky maloobchodné |
| 610 | 2 | 0 | |a značky výrobkov |
| 610 | 2 | 0 | |a hodnota |
| 610 | 2 | 0 | |a modely ekonomické |
| 610 | 2 | 0 | |a obchodníci |
| 610 | 2 | 0 | |a zákazníci |
| 610 | 2 | 0 | |a spotrebitelia |
| 100 | 1 | |a Kashive, Neerja | |
| 700 | 1 | |a Khanna, Vandana Tandon | |